01302 2200253 4500001002100000005001500021035002000036007000300056008004100059020002300100082001100123084001700134100002800151245010700179250000600286260004200292300002800334700003100362700003000393500006900423650001800492520052100510990001701031INLIS00000000000161020260430101221 a0010-1123000241ta260430 c 0 ind  a978-6236-216-900-5 a612.36 a612.36 RUT s0 aRuth Owen ( Pengarang )1 aSaat Aku Mencium :bAll about my body /cRuth Owen ; editor, Mark J. Sachner ; alih bahasa, Andi Wahyu a- aJakarta :bBhuana Ilmu populer,c2020 a22 :bilus. ;c24 cme-0 aMark J. Sachner ( Editor )0 aAndi Wahyu ( Penerjemah ) aJudul asli : my body inside and aout - my amazing sense of smell 4aTUBUH MANUSIA aSetiap hari kamu mencium berbagai bau dari sekitarmu, seperti harum masakan yang baru matang atau bau kaos kaki yang belum dicuci. All About My Body: Saat Aku Bergerak adalah buku nonfiksi anak yang menjelaskan seputar mengapa kita bisa mencium bau, apa yang sebenarnya terjadi saat kita mencium bau, dan hal-hal lain seputar itu. Dengan pembahasan yang menarik dan ringkas, buku ini bisa mengajak anak untuk memahami lebih lanjut seputar tubuhnya sendiri. Yuk, cari tahu fakta-fakta menarik lainnya tentang tubuhmu! a00170/K/2022